000 01060nam a2200229 a 4500
001 000021487
005 20200930011338.0
008 100908s1983 dr a r 000 0 spa d
040 _aDO-SdBNP
_bspa
_cBNPHU
082 _a352.48
_bR426p, 1983
110 1 _aRepública Dominicana.
_bSecretariado Técnico de la Presidencia.
_bOficina Nacional de Presupuesto.
_932266
245 1 0 _aPresupuestos de ingresos y gastos de las instituciones descentralizadas y autónomas 1983 /.
260 _aSanto Domingo :
_bSecretariado Técnico de la Presidencia,
_c1983.
300 _av. :
_bil. ;
_c28 cm.
500 _aPublicación complementaria al presupuesto de ingresos y ley de gastos públicos del año 1988
590 _aInventariado, 2018/BT
650 4 _aPresupuesto
_zRepública Dominicana
_97940
651 4 _aRepública Dominicana
_xGastos Presupuestarios Públicos
_y1988
_944628
650 4 _aHacienda pública
_zRepública Dominicana
_96562
650 4 _aPresupuesto
_xLegislación
_zRepública Dominicana
_933735
910 _aValidado. Control de calidad. MMOLINA
999 _c20987
_d20987